Statistiken für Flaggen von Ländern, die mit E beginnen

Klicken Sie hier um das Quiz zu spielen!

Allgemein

  • Dieses Quiz wurde 236 mal gespielt
  • Das Durchschnittsergebnis liegt bei 6 aus 6

Antwortstatistiken

Antwort% Korrekt
Estland
100%
Ecuador
96%
Elfenbeinküste
96%
Eritrea
92%
Eswatini
88%
El Salvador
87%

Verteilung der Resultate

Perzentil nach korrekt beantworteten Fragen

Anzahl Personen mit jedem Resultat

Ihre Resultats-Entwicklung

Sie haben dieses Quiz noch nicht gespielt